| 000 | 00465nam a2200157 i 4500 | ||
|---|---|---|---|
| 001 | 72770 | ||
| 003 | ES-MaACL | ||
| 005 | 20230906171542.0 | ||
| 007 | t| | ||
| 008 | 040902s1971 sp ||||1| spa d | ||
| 100 | 1 |
_aGodelier, Maurice. _957517 |
|
| 245 | 1 | 4 |
_aLos esquemas de la evolución de las sociedades / _cMaurice Godelier. |
| 260 |
_a[Guadalajara : _bs.n., _c1971] ( _fGráf. Carlavilla) |
||
| 300 |
_a98 p. ; _c17 cm. |
||
| 852 |
_aES-MaACL _jC-47137 _bR.76561 |
||
| 999 |
_c72770 _d72770 |
||